000 00217nam a2200097Ia 4500
008 230508s1986 xx 000 0 und d
041 _aeng
100 _aWRIGHT G.G.L.
245 _aMASTERING COMPUTERS
260 _c1986
999 _c319635
_d319635